ՀՀ Գիտությունների ազգային ակադեմիայի հիմնարար գիտական գրադարան  =   Fundamental Scientific Library of NAS RA

Հայրենիք = (Record no. 314910)

MARC details
000 -LEADER
fixed length control field 00878ncm a2200217 a 4500
001 - CONTROL NUMBER
control field 000911857
003 - CONTROL NUMBER IDENTIFIER
control field AM-YeHGA
005 - DATE AND TIME OF LATEST TRANSACTION
control field 20250618074123.0
008 - FIXED-LENGTH DATA ELEMENTS--GENERAL INFORMATION
fixed length control field 120906s1951 ai ||| r arm d
040 ## - CATALOGING SOURCE
Original cataloging agency AM-YeHGA
041 0# - LANGUAGE CODE
Language code of text/sound track or separate title arm
-- rus
090 ## - LOCALLY ASSIGNED LC-TYPE CALL NUMBER (OCLC); LOCAL CALL NUMBER (RLIN)
-- 316631
100 1# - MAIN ENTRY--PERSONAL NAME
Personal name Զաքարյան, Կարո Հովհաննեսի,
Dates associated with a name 1895-1967
9 (RLIN) 1559
245 10 - TITLE STATEMENT
Title Հայրենիք =
Remainder of title Родина /
Medium [Նոտա]/
Statement of responsibility, etc. Կ. Զաքարյան ; Խմբ․` Ռ. Անդրիասյան ; Խոսք` Ա. Միրասի․
246 34 - VARYING FORM OF TITLE
Title proper/short title Родина
Remainder of title Слова А Мираса
260 ## - PUBLICATION, DISTRIBUTION, ETC.
Place of publication, distribution, etc. Երևան :
Name of publisher, distributor, etc. «Հայպետհրատ»,
Date of publication, distribution, etc. 1951.
300 ## - PHYSICAL DESCRIPTION
Extent 7 էջ :
Other physical details նոտա ;
Dimensions 28 սմ.
650 14 - SUBJECT ADDED ENTRY--TOPICAL TERM
Topical term or geographic name entry element վոկալ ստեղծագործություն
General subdivision դաշնամուր
Form subdivision երգ
700 1# - ADDED ENTRY--PERSONAL NAME
Personal name Անդրիասյան, Ռոբերտ Քրիստափորի,
Dates associated with a name 1913-1971
Relator term խմբ.
Relationship edt
9 (RLIN) 3462
942 ## - ADDED ENTRY ELEMENTS (KOHA)
Source of classification or shelving scheme Universal Decimal Classification
Koha item type Գրքեր / Books
Holdings
Withdrawn status Lost status Source of classification or shelving scheme Damaged status Not for loan Home library Current library Date acquired Total checkouts Full call number Barcode Date last seen Price effective from Koha item type Public note
    Universal Decimal Classification     Fundamental Scientific Library Fundamental Scientific Library 09/01/2017   AIII/8617 FL0440029 09/01/2017 09/01/2017 Գրքեր / Books 30 Days Loan


ՀՀ ԳԱԱ հիմնարար գիտական գրադարան
ՀՀ,Երևան 0019
Մարշալ Բաղրամյան 24/6
հեռախոս:(374-10) 52-47-50
Հետադարձ կապ

All site content, except where otherwise noted, is licensed under a
Creative Commons License